Language Quiz

Random Language Quiz

Irish Verbs - Ordú agus Inné Quiz Stats

 Plays Quiz not verified by Sporcle

Support Sporcle.
Go Orange.
Score 0/78 Timer 08:00
0 Plays Today
Béarla Inné: Ceisteach/Diúltach/Dearfach % Correct
Writescríobh
45.4%
Throw/Spend/Wearchaith
43.7%
Breakbhris
43.2%
Eat +d'ith
41.5%
Cleanghlan
41.5%
Putchuir
41.5%
Hear +chuala
39.3%
Be +bhí
39.3%
Eat ?ar ith
38.8%
Do/Make +rinne
38.8%
See +chonaic
38.8%
Drinkd'ól
37.7%
Washnigh
36.1%
Begin/Startthosaigh
36.1%
Closedhún
35.5%
Be ?an raibh
35%
Selldhíol
35%
Losechaill
35%
Buycheannaigh
35%
Runrith
35%
Hear - níor chuala
34.4%
Go +chuaigh
34.4%
Be - ní raibh
34.4%
Opend'oscail
33.9%
Play (games)d'imir
33.9%
Hear ?ar chuala
33.3%
Stay/Waitd'fhan
33.3%
Catch +rug
32.8%
Give/Bring +thug
32.2%
Cutghearr
32.2%
Eat -níor ith
31.7%
Say +dúirt
31.7%
See -ní fhaca
31.1%
Catch -níor rug
30.6%
Get/Find +fuair
30.6%
Take/Buildthóg
30.6%
Catch ?ar rug
30.1%
Filllíon
30.1%
Come +tháinig
29.5%
Béarla Inné: Ceisteach/Diúltach/Dearfach % Correct
Readléigh
29.5%
Leaved'fhág
29%
Give/Bring -níor thug
28.4%
Do/Make -ní dhearna
27.9%
Come ? ar tháinig
27.3%
Do/Make ?an ndearna
27.3%
Singchan
26.8%
See ?an bhfaca
26.2%
Give/Bring ?ar thug
25.7%
Sweepscuab
25.7%
Say ?an ndúirt
25.1%
Take offbhain
25.1%
Come - níor tháinig
24.6%
Go ?an ndeachaigh
24.6%
Get/Find -ní bhfuair
24.6%
Burndhóigh
24%
Finishchríochnaigh
24%
Go -ní dheachaigh
23.5%
Get/Find ?an bhfuair
23%
Dancerinc
22.4%
Say -ní dúirt
21.3%
Get up / Rise Upd'éirigh
21.3%
Tiecheangail
20.8%
Walkshiúil
20.8%
Stopstad
20.8%
Telld'inis
20.2%
Wake updhúisigh
19.7%
Learnd'fhoghlaim
18.6%
Mend/Repairdheisigh
18%
Talklabhair
17.5%
Go (away)d'imigh
16.9%
Sit Downshuigh
16.4%
Stand sheas
16.4%
Lookd'fhéach
15.8%
Gatherchruinnigh
13.7%
Laughgháir
8.2%
Tearstróic
7.7%
Dressghléas
7.1%
Cryghoil
6.6%

You're not logged in!

Compare scores with friends on all Sporcle quizzes.
OR
Log In

From the Vault

Disney Mix

by Scimitar_2002

Also known as 'Yisned.'
Remove Ads.
Support Sporcle.
Get the best of Sporcle when you Go Orange. This ad-free experience offers more features, more stats, and more fun while also helping to support Sporcle. Thank you for becoming a member.

Show Comments

Extras

Created Feb 23, 2011ReportNominate
Tags:gaeilge, grammar, irish

Top Quizzes Today


Score Distribution

Your Account Isn't Verified!

In order to create a playlist on Sporcle, you need to verify the email address you used during registration. Go to your Sporcle Settings to finish the process.

Report this User

Report this user for behavior that violates our Community Guidelines.

Details: